Personaggi famosi nati a Parma - Statistics

Statistiche generali
  • Questo quiz è stato fatto 81 volte
  • Il punteggio medio è 2 su 5
Statistiche sulle risposte
con Immagini Risposta % Corretto
Stefano Pioli
93%
Marcus Thuram
74%
Carlo Lucarelli
30%
Arturo Toscanini
24%
Bernardo Bertolucci
7%
Nessun quiz corrispondente trovato
Distribuzione punteggi
Percentuale di utenti per punteggio
Percentile per numero di risposta
I tuoi punteggi nel tempo
Non hai fatto questo quiz